banner-ar

موسوعة القضاء المستعجل وقضاء التنفيذ واشكالاتة مع الاحكام الحديثة الصيغ القانونية امام القضاء العادى ومجلس الدولة / (Record no. 53941)

MARC details
000 -الفاتح
حقل البيانات ثابتة الطول 00693nam a2200181Ia 4500
008 - عناصر البيانات ثابتة الطول - معلومات عامة
حقل البيانات ثابتة الطول 140319s9999 xx 000 0 ara d
040 ## - مصدر الفهرسة
وكالة الفهرسة الأصلية GCL /
وكالة النسخ GCL
082 04 - رقم تصنيف ديوى العشرى
رقم التصنيف 342.023
رقم المادة خ.م
100 1# - المدخل الرئيسى - إسم شخصى
الإسم الشخصى خميس السيد اسماعيل
245 10 - بيان العنوان
العنوان موسوعة القضاء المستعجل وقضاء التنفيذ واشكالاتة مع الاحكام الحديثة الصيغ القانونية امام القضاء العادى ومجلس الدولة /
بيان المسئوليه,etc خميس السيد اسماعيل
260 ## - PUBLICATION, DISTRIBUTION, ETC. (IMPRINT)
تاريخ النشر أو التوزيع 1991
300 ## - الوصف المادى
التعداد 695 ص
490 ## - بيان السلسلة
عنوان السلسلة
650 04 - المدخل الاضافى بالموضوع-مصطلح موضوعى
مصطلح موضوعي القانون
650 04 - المدخل الاضافى بالموضوع-مصطلح موضوعى
مصطلح موضوعي القانون الادارى
942 ## - عناصر المدخل الإضافي( كوها)
مصدر التصنيف او مخطط الترفيف Dewey Decimal Classification
Koha [default] item type كتاب
260 ## - PUBLICATION, DISTRIBUTION, ETC. (IMPRINT)
-- [S.N] :
-- المجالس ،
Holdings
حالة التراجع حالة الفقد حالة تلف ليس للاعارة المكان المؤقت الموقع الحالى تاريخ الاكتساب اجمالي اﻻعارات رقم الطلب الباركود تاريخ اخر مشاهدة تاريخ تفعيل السعر نوع وعاء كوها
        مكتبة القاهرة الكبرى مكتبة القاهرة الكبرى 03/26/2014   342.023\خ.م 129823 03/26/2014 03/26/2014 كتاب

Powered By

EGPV